00791nam a22002417a 450000500170000001000110001702000100002803500110003803700160004904000120006508200130007710000260009024500710011626000350018727000350022230000250025750000410028265000240032365000310034794200220037899900190040095201300041920170124110147.0 a392617 c00.00 a392617 bCen Lib/Ret aDPLbEN a137bKAH aKahn, Jack H. 933546 aHuman growth and the development of personality /cby Jack H. Kahn aOxford bPergamon Press c1965 bOxford a4 & 5 fitzroy square  axvi, 220p.c17cm(Hb) aIncludes bibliographical references  aPsychology 9101878 aHuman personality 933548 2ddccENh137mKAH c132044d132044 00104070aLbLd2015-07-16eCen Lib/Retg0.00l1o137 KAHp392617r2022-02-26 00:00:00s2022-02-19t1v0.00w2015-07-16yEN